[Event "Arrecife de Lanzarote op"]
[Site "Arrecife de Lanzarote"]
[Date "2017.06.14"]
[Round "7"]
[White "Martinez Mandry, Dylan"]
[Black "Molina Rodriguez, Jose"]
[Result "1-0"]
[WhiteElo "1167"]
[BlackElo "1068"]
[PlyCount "39"]
[EventDate "2017.06.11"]
[EventType "swiss"]
[EventRounds "9"]
[EventCountry "ESP"]
[SourceTitle "EXT 2019"]
[Source "ChessBase"]
[SourceDate "2018.10.10"]
[SourceVersion "1"]
[SourceVersionDate "2018.10.10"]
[SourceQuality "1"]

1. e4 e5 2. Nf3 Nc6 3. Bc4 h6 4. Bd5 Qf6 5. 0-0 Nge7 6. d3 Nxd5 7. exd5 Ne7 8. c4 c6 9. dxc6 bxc6 10. Qe2 Qe6 11. b3 d6 12. Bb2 Ng6 13. Nc3 Be7 14. Rfe1 Bb7 15. Ne4 Nf4 16. Qe3 Bg5 17. Nc5 Nh3+ 18. gxh3 Bxe3 19. Nxe6 Bc8 20. Nxg7+ 1-0